000 00577nam a2200205 a 4500
001 BRCA_4162
005 20190320204552.0
008 060510s1968----mx-a######---#000-0#spa-#
041 _aspa
044 _amx
050 4 _aDG737.9.M4
_b.L67 1968
245 1 0 _aLorenzo el magnifico.
260 _aMéxico
_bCultural y Educativa
_c1968
300 _a75 p.
_bil. (algunas a color)
_c30 cm.
440 0 _aLos Grandes de todos los tiempos
_v18
_910757
500 _aC194
600 1 4 _aMedicis, Lorenzo de
_cllamado el Magnifico
_d1449-1492
_910758
902 _aGFM
942 _2lcc
_cB
999 _c3878
_d3878